Country and Capital Neighbour Connect with Jumps and Disappearing World Map: Most Populated - Statistics

General Stats
  • This quiz has been taken 4,415 times
  • The average score is 153 of 392
Answers on the Map
Answers color-coded by a green-red scale on the quiz's map according to % correct below.
 
Answer Stats
Hint Hint Type Population Country/Capital % Correct
615 140.9 Country 1389530000 China
100%
556 185.9 Country 1328610000 India
98%
535.7 164.2 Country 210762000 Pakistan
95%
501.3 152.5 Country 81252200 Iran
94%
460.3 130.6 Country 80976811 Turkey
93%
478.8 149.9 Country 38274618 Iraq
92%
482.1 179.9 Country 33413660 Saudi Arabia
91%
488.3 208.2 Country 28250000 Yemen
91%
482.1 179.9 Capital 4878723 Riyadh
75%
462.3 158.9 Country 10084030 Jordan
73%
467 143 Country 18270000 Syria
73%
433 267.2 Country 81339900 Democratic Republic of the Congo
72%
447 171.3 Country 96588300 Egypt
72%
470 234.2 Country 94352000 Ethiopia
72%
459 157 Country 8824260 Israel
72%
465.8 259.9 Country 49699862 Kenya
72%
448.5 209.5 Country 40782742 Sudan
72%
459.1 282.5 Country 51557365 Tanzania
72%
449.6 239.5 Country 11868209 South Sudan
71%
453.1 256.6 Country 37673800 Uganda
71%
420 301.2 Country 29250009 Angola
70%
433 267.2 Capital 10125000 Kinshasa
70%
467 309.5 Country 28861863 Mozambique
70%
431 365 Country 56717000 South Africa
70%
438 310 Country 16405229 Zambia
70%
447 325 Country 14542235 Zimbabwe
70%
420 301.2 Capital 2453779 Luanda
68%
418 328 Country 2368747 Namibia
68%
431 365 Capital 2345908 Pretoria
68%
384.2 167.2 Country 41697498 Algeria
67%
234 373 Country 44044811 Argentina
67%
216.3 247.5 Capital 7613303 Bogotá
67%
236 319 Country 11145770 Bolivia
67%
266 294 Capital 2648532 Brasília
67%
266 294 Country 208729000 Brazil
67%
234 373 Capital 2891082 Buenos Aires
67%
407 247 Country 23794164 Cameroon
67%
218 384 Country 17574003 Chile
67%
216.3 247.5 Country 49654100 Colombia
67%
204 265.5 Country 16941700 Ecuador
67%
386 105 Country 67196000 France
67%
236 319 Capital 877363 La Paz
67%
208 292 Capital 8481415 Lima
67%
366 153.5 Country 34596200 Morocco
67%
403.3 203.9 Country 20651070 Niger
67%
398 230.8 Country 193392500 Nigeria
67%
248.9 339.7 Country 7052983 Paraguay
67%
208 292 Country 31826018 Peru
67%
416.9 260.5 Country 5260750 Republic of the Congo
67%
218 384 Capital 5084038 Santiago
67%
372 127.5 Country 46549045 Spain
67%
232 235 Country 31431164 Venezuela
67%
248.9 339.7 Capital 520722 Asunción
66%
143 66 Country 37033200 Canada
65%
180.4 215 Country 6581940 El Salvador
65%
177.4 210 Country 16176133 Guatemala
65%
177.4 210 Capital 1022000 Guatemala City
65%
184.5 210.7 Country 8866351 Honduras
65%
151 182 Country 123982528 Mexico
65%
151 182 Capital 8851080 Mexico City
65%
153 129 Country 326717000 United States
65%
153 129 Capital 658893 Washington D.C.
65%
143 66 Capital 898150 Ottawa
64%
414.2 100.9 Country 8823054 Austria
63%
583 181.8 Country 164085000 Bangladesh
63%
615 140.9 Capital 20693000 Beijing
63%
391 91 Country 11398331 Belgium
63%
404 89.9 Capital 3520000 Berlin
63%
414 93.8 Country 10597473 Czech Republic
63%
404 89.9 Country 82576900 Germany
63%
635.5 264 Country 261890900 Indonesia
63%
416.4 124.2 Country 60500305 Italy
63%
372 127.5 Capital 3233527 Madrid
63%
610.3 247.2 Country 32424500 Malaysia
63%
597 188.5 Country 53370609 Myanmar
63%
569.8 166.5 Country 28825709 Nepal
63%
393 86.9 Country 17200800 Netherlands
63%
556 185.9 Capital 16787949 New Delhi
63%
386 105 Capital 2241346 Paris
63%
423.6 87.1 Country 38422346 Poland
63%
416.4 124.2 Capital 2868104 Rome
63%
577 52 Country 146877088 Russia
63%
398.4 103.5 Country 8465234 Switzerland
63%
608 207.9 Country 66061000 Thailand
63%
450.6 96 Country 42386403 Ukraine
63%
363 82.5 Capital 1173179 Dublin
61%
363 82.5 Country 4792500 Ireland
61%
693.3 140 Country 126560000 Japan
61%
377 86 Capital 8630100 London
61%
377 86 Country 65648000 United Kingdom
61%
608 207.9 Capital 8249117 Bangkok
60%
616 219.1 Country 15848495 Cambodia
60%
624.3 219.9 Capital 7587800 Hanoi
60%
610.3 194.9 Country 6492400 Laos
60%
657 220.6 Capital 12877253 Manila
60%
657 220.6 Country 105514000 Philippines
60%
693.3 140 Capital 13189000 Tokyo
60%
624.3 219.9 Country 93700000 Vietnam
60%
528 149.2 Country 29724323 Afghanistan
59%
583 181.8 Capital 8906000 Dhaka
59%
533 100 Country 18157100 Kazakhstan
59%
577 52 Capital 11541000 Moscow
59%
665.7 127 Country 25491000 North Korea
59%
616 219.1 Capital 2011725 Phnom Penh
59%
669 139 Country 51446201 South Korea
59%
525 122.5 Country 32345000 Uzbekistan
59%
610.3 194.9 Capital 287579 Vientiane
59%
460.3 130.6 Capital 5150072 Ankara
58%
487.6 125 Country 9867250 Azerbaijan
58%
421 113 Country 3511372 Bosnia and Herzegovina
58%
437.8 117.9 Country 7101859 Bulgaria
58%
418 108 Country 4154213 Croatia
58%
430 129 Country 10768193 Greece
58%
424.4 103.1 Country 9797561 Hungary
58%
548 122 Country 6140200 Kyrgyzstan
58%
597 188.5 Capital 925000 Naypyidaw
58%
436.7 107.1 Country 19638000 Romania
58%
427.6 113 Country 7040272 Serbia
58%
545.2 133.5 Country 8931000 Tajikistan
58%
525 122.5 Capital 2207850 Tashkent
58%
501.3 152.5 Capital 8846782 Tehran
58%
513 130.6 Country 5758000 Turkmenistan
58%
425.5 124 Country 2876591 Albania
57%
430 129 Capital 3090508 Athens
57%
427.6 113 Capital 1154589 Belgrade
57%
429.5 121.7 Country 2073702 Macedonia
57%
427.5 118.5 Country 1783531 Kosovo
56%
423.7 117.8 Country 622387 Montenegro
56%
423 98 Country 5441899 Slovakia
56%
413 106.5 Country 2065895 Slovenia
56%
425.5 124 Capital 763634 Tirana
56%
414.2 100.9 Capital 1749673 Vienna
56%
418 108 Capital 804200 Zagreb
56%
443.4 81.2 Country 9491900 Belarus
55%
423 98 Capital 424207 Bratislava
55%
436.7 107.1 Capital 1942254 Bucharest
55%
424.4 103.1 Capital 1729040 Budapest
55%
444.4 102 Capital 794800 Chișinău
55%
450.6 96 Capital 2847200 Kiev
55%
438 70.6 Country 1928600 Latvia
55%
434.3 76.3 Country 2807495 Lithuania
55%
443.4 81.2 Capital 1702061 Minsk
55%
444.4 102 Country 3550900 Moldova
55%
414 93.8 Capital 1241664 Prague
55%
423.6 87.1 Capital 1711324 Warsaw
55%
368 235.9 Country 24294750 Cote d'Ivoire
54%
378.2 234.5 Country 29614337 Ghana
54%
377 202.2 Country 18542000 Mali
54%
384.2 167.2 Capital 3415811 Algiers
53%
377 219 Country 19632147 Burkina Faso
53%
427.6 239 Country 4659080 Central African Republic
53%
422.6 209.4 Country 14900000 Chad
53%
353.3 224.2 Capital 1399981 Conakry
53%
347 212 Capital 1030594 Dakar
53%
353.3 224.2 Country 11883516 Guinea
53%
347.7 220.3 Country 1553822 Guinea-Bissau
53%
359.2 239.6 Country 4289520 Liberia
53%
419.3 172.9 Country 6374616 Libya
53%
354 195.5 Country 3806719 Mauritania
53%
347 212 Country 15726037 Senegal
53%
354 232.9 Country 7092113 Sierra Leone
53%
401 148 Country 11446300 Tunisia
53%
416.9 260.5 Capital 1827000 Brazzaville
52%
406.5 264 Country 2025137 Gabon
52%
407 247 Capital 2765568 Yaoundé
52%
378.2 234.5 Capital 1640507 Accra
51%
377 202.2 Capital 1289626 Bamako
51%
427.6 239 Capital 731548 Bangui
51%
385.7 225 Country 11002578 Benin
51%
447 171.3 Capital 10230350 Cairo
51%
448.5 209.5 Capital 1740661 Khartoum
51%
403.3 203.9 Capital 794814 Niamey
51%
377 219 Capital 1005231 Ouagadougou
51%
383 232.4 Country 7178000 Togo
51%
419.3 172.9 Capital 1184045 Tripoli
51%
683 342 Country 24827900 Australia
50%
683 342 Capital 354644 Canberra
50%
354 195.5 Capital 719167 Nouakchott
50%
366 153.5 Capital 1789635 Rabat
50%
486 324.3 Capital 1613375 Antananarivo
49%
486 324.3 Country 25571000 Madagascar
49%
652.9 182.1 Capital 2686516 Taipei
47%
652.9 182.1 Country 23572049 Taiwan
47%
562 235.3 Capital 118556 Sri Jayawardenepura Kotte
46%
562 235.3 Country 21444000 Sri Lanka
46%
435 336.1 Country 2230905 Botswana
42%
447 325 Capital 1487028 Harare
42%
438 310 Capital 1331254 Lusaka
42%
456 307 Country 17373185 Malawi
42%
467 309.5 Capital 1076689 Maputo
42%
488 230 Country 14742523 Somalia
42%
470 234.2 Capital 3040740 Addis Ababa
41%
466.3 209.2 Capital 1258001 Asmara
41%
476.4 221.6 Country 956985 Djibouti
41%
466.3 209.2 Country 5068831 Eritrea
41%
488 230 Capital 1097133 Mogadishu
41%
465.8 259.9 Capital 3138369 Nairobi
41%
476.4 221.6 Capital 475332 Djibouti (cap)
40%
451.3 350.1 Capital 81594 Mbabane
40%
451.3 350.1 Country 1145970 Swaziland
40%
447.8 272.6 Country 10400938 Burundi
38%
449.6 239.5 Capital 372410 Juba
38%
453.1 256.6 Capital 1659600 Kampala
38%
447.8 267.7 Capital 718414 Kigali
38%
447.8 267.7 Country 11809300 Rwanda
38%
206 190.2 Country 11239224 Cuba
37%
221 197 Country 10169172 Dominican Republic
37%
218 196 Country 10911819 Haiti
37%
206 190.2 Capital 2135498 Havana
37%
218 196 Capital 1235227 Port-au-Prince
37%
221 197 Capital 1111838 Santo Domingo
37%
361.7 127.6 Capital 564657 Lisbon
36%
703.7 282.4 Country 8151300 Papua New Guinea
36%
361.7 127.6 Country 10309573 Portugal
36%
437 52 Country 5516224 Finland
35%
437 52 Capital 635591 Helsinki
35%
635.5 264 Capital 10187595 Jakarta
35%
401.7 57 Country 5295619 Norway
35%
401.7 57 Capital 645701 Oslo
35%
703.7 282.4 Capital 299396 Port Moresby
35%
414.3 60.5 Capital 1515017 Stockholm
35%
414.3 60.5 Country 10120242 Sweden
35%
509.33 187.2 Capital 797000 Muscat
33%
509.33 187.2 Country 4639678 Oman
33%
488.3 208.2 Capital 1431649 Sana'a
33%
502 182.5 Country 9400000 United Arab Emirates
33%
502 182.5 Capital 585097 Abu Dhabi
32%
665.7 127 Capital 3144005 Pyongyang
32%
669 139 Capital 9989795 Seoul
32%
478.8 149.9 Capital 7216040 Baghdad
29%
192 228 Country 4947490 Costa Rica
29%
487 162.9 Country 4132415 Kuwait
29%
487 162.9 Capital 1171880 Kuwait City
29%
188.2 218.1 Capital 926883 Managua
29%
188.2 218.1 Country 6305956 Nicaragua
29%
198 232.5 Country 4098135 Panama
29%
198 232.5 Capital 813097 Panama City
29%
192 228 Capital 328195 San José
29%
184.5 210.7 Capital 735982 Tegucigalpa
29%
180.4 215 Capital 521366 San Salvador
28%
401.5 73.5 Capital 562253 Copenhagen
25%
401.5 73.5 Country 5781190 Denmark
25%
462.3 158.9 Capital 2600603 Amman
24%
461.7 146.8 Capital 1574387 Beirut
24%
467 143 Capital 3500000 Damascus
24%
459 157 Capital 780200 Jerusalem
24%
461.7 146.8 Country 6082000 Lebanon
24%
776.7 391.9 Country 4860800 New Zealand
24%
254.9 370.2 Country 3493205 Uruguay
24%
776.7 391.9 Capital 405000 Wellington
24%
480.5 125 Country 2979600 Armenia
23%
487.6 125 Capital 2204200 Baku
23%
479 120 Country 3718200 Georgia
23%
614.2 104.1 Country 3198275 Mongolia
23%
254.9 370.2 Capital 1369797 Montevideo
23%
479 120 Capital 1044993 Tbilisi
23%
614.2 104.1 Capital 907802 Ulaanbaatar
23%
480.5 125 Capital 1080487 Yerevan
23%
535.7 164.2 Capital 955629 Islamabad
21%
528 149.2 Capital 3140853 Kabul
21%
614.2 256.7 Country 5612300 Singapore
21%
614.2 256.7 Capital 5535000 Singapore (cap)
21%
232 235 Capital 1838939 Caracas
19%
248 242 Capital 134599 Georgetown
19%
248 242 Country 777859 Guyana
19%
206 200.2 Country 2730894 Jamaica
19%
206 200.2 Capital 701063 Kingston
19%
254.4 248.1 Capital 254147 Paramaribo
19%
254.4 248.1 Country 541638 Suriname
19%
444 360.5 Country 2233339 Lesotho
18%
495.7 176.2 Capital 1450000 Doha
17%
444 360.5 Capital 267652 Maseru
17%
495.7 176.2 Country 2634234 Qatar
17%
638.6 246.1 Capital 28135 Bandar Seri Begawan
16%
344 216 Capital 34828 Banjul
16%
638.6 246.1 Country 417200 Brunei
16%
439 64.8 Country 1352320 Estonia
16%
344 216 Country 2101000 Gambia
16%
610.3 247.2 Capital 1381830 Kuala Lumpur
16%
438 70.6 Capital 713016 Riga
16%
434.3 76.3 Capital 556723 Vilnius
16%
204 265.5 Capital 1504991 Quito
15%
393 86.9 Capital 810909 Amsterdam
14%
391 91 Capital 1080790 Brussels
14%
404 255.8 Country 1222442 Equatorial Guinea
14%
242.5 226.6 Capital 50479 Port-of-Spain
14%
242.5 226.6 Country 1356633 Trinidad and Tobago
14%
494.3 174 Country 1451200 Bahrain
13%
664.3 290.8 Capital 59069 Dili
13%
664.3 290.8 Country 1167242 East Timor
13%
406.5 264 Capital 556425 Libreville
13%
404 255.8 Capital 100677 Malabo
13%
494.3 174 Capital 140616 Manama
13%
510.1 329.1 Country 1264887 Mauritius
13%
510.1 329.1 Capital 147251 Port Louis
13%
423.7 117.8 Capital 141854 Podgorica
12%
427.5 118.5 Capital 198214 Pristina
12%
421 113 Capital 383604 Sarajevo
12%
429.5 121.7 Capital 521000 Skopje
12%
437.8 117.9 Capital 1090295 Sofia
12%
398 230.8 Capital 778567 Abuja
11%
533 100 Capital 1029556 Astana
11%
548 122 Capital 843240 Bishkek
11%
479.4 301.4 Country 806153 Comoros
11%
455.3 143.7 Country 854800 Cyprus
11%
459.1 282.5 Capital 287200 Dodoma
11%
545.2 133.5 Capital 582496 Dushanbe
11%
782.9 320.1 Country 884887 Fiji
11%
479.4 301.4 Capital 60200 Moroni
11%
455.3 143.7 Capital 270000 Nicosia
11%
782.9 320.1 Capital 84410 Suva
11%
408.5 120.7 Country 800 Vatican City
11%
584.1 169.4 Country 797260 Bhutan
10%
447.8 272.6 Capital 384461 Bujumbura
10%
326.7 206.9 Country 537661 Cape Verde
10%
354 232.9 Capital 1070200 Freetown
10%
742.1 295 Capital 59288 Honiara
10%
456 307 Capital 902388 Lilongwe
10%
383 232.4 Capital 824738 Lomé
10%
394.3 94.2 Country 590667 Luxembourg
10%
394.3 94.2 Capital 76420 Luxembourg (cap)
10%
412.9 141.1 Country 434403 Malta
10%
359.2 239.6 Capital 1010970 Monrovia
10%
422.6 209.4 Capital 751288 N'Djamena
10%
385.7 225 Capital 223552 Porto-Novo
10%
326.7 206.9 Capital 125464 Praia
10%
742.1 295 Country 651700 Solomon Islands
10%
584.1 169.4 Capital 101259 Thimphu
10%
412.9 141.1 Capital 6444 Valletta
10%
408.5 120.7 Capital 826 Vatican City (cap)
10%
368 235.9 Capital 454929 Yamoussoukro
10%
209 180.9 Country 382460 Bahamas
9%
246.5 217 Country 285719 Barbados
9%
180.9 203.6 Country 380010 Belize
9%
180.9 203.6 Capital 16451 Belmopan
9%
246.5 217 Capital 110000 Bridgetown
9%
804.5 282.8 Capital 4492 Funafuti
9%
341 43 Country 348580 Iceland
9%
569.8 166.5 Capital 1003285 Kathmandu
9%
209 180.9 Capital 248948 Nassau
9%
756.2 263.4 Country 10800 Nauru
9%
798.1 328.7 Capital 22400 Nukuʻalofa
9%
755.5 318.6 Capital 38000 Port Vila
9%
341 43 Capital 115000 Reykjavík
9%
408.5 113.9 Country 33196 San Marino
9%
395.5 260.6 Capital 56166 São Tomé
9%
395.5 260.6 Country 187356 São Tomé and Príncipe
9%
798.1 328.7 Country 100600 Tonga
9%
401 148 Capital 767629 Tunis
9%
804.5 282.8 Country 10100 Tuvalu
9%
755.5 318.6 Country 289700 Vanuatu
9%
756.2 263.4 Capital 1100 Yaren
9%
802.8 307.7 Capital 39813 Apia
8%
513 130.6 Capital 763537 Ashgabat
8%
398.4 103.5 Capital 121631 Bern
8%
243.2 214.6 Capital 70000 Castries
8%
717.7 235.2 Country 104600 Federated States of Micronesia
8%
241.6 220.6 Country 103328 Grenada
8%
242.7 216.8 Capital 40020 Kingstown
8%
21 272 Country 115300 Kiribati
8%
402 103.1 Country 37877 Liechtenstein
8%
545.9 248.9 Country 344023 Maldives
8%
545.9 248.9 Capital 103693 Malé
8%
397.2 114.5 Country 37550 Monaco
8%
397.2 114.5 Capital 35986 Monaco (cap)
8%
680.5 241.3 Capital 391 Ngerulmud
8%
680.5 241.3 Country 17800 Palau
8%
717.7 235.2 Capital 9900 Palikir
8%
241.6 220.6 Capital 7500 Saint George's
8%
239.4 203.4 Country 46204 Saint Kitts and Nevis
8%
243.2 214.6 Country 178844 Saint Lucia
8%
242.7 216.8 Country 109557 Saint Vincent and the Grenadines
8%
802.8 307.7 Country 197448 Samoa
8%
408.5 113.9 Capital 4493 San Marino (cap)
8%
21 272 Capital 30000 South Tarawa
8%
439 64.8 Capital 440206 Tallinn
8%
402 103.1 Capital 5248 Vaduz
8%
384 118.7 Country 78264 Andorra
7%
384 118.7 Capital 22884 Andorra la Vella
7%
241.4 204 Country 86295 Antigua and Barbuda
7%
239.4 203.4 Capital 13043 Basseterre
7%
347.7 220.3 Capital 452640 Bissau
7%
242.4 209.5 Country 71293 Dominica
7%
435 336.1 Capital 225656 Gaborone
7%
760.6 232.2 Capital 25400 Majuro
7%
760.6 232.2 Country 55000 Marshall Islands
7%
242.4 209.5 Capital 14847 Roseau
7%
241.4 204 Capital 22679 Saint John's
7%
505.5 277 Country 94205 Seychelles
7%
505.5 277 Capital 29298 Victoria
7%
418 328 Capital 252721 Windhoek
7%
413 106.5 Capital 280140 Ljubljana
6%
No matching quizzes found
Score Distribution
Percent of People with Each Score
Percentile by Number Answered
Your Score History
You have not taken this quiz